00728mam a2200181 i 4500020002700000082003300027100002400060245011500084260009100199300002600290490003800316500002000354526003700374650005500411650004000466700002400506710001600530 a0801818761a080181877X00a333.9/1/0091724bSAUcDcMCE1 aSaunders, Robert J.10aVillage water supply :beconomics and policy in the developing world /cRobert J. Saunders, Jeremy J. Warford. aBaltimore :bPublished for the World Bank [by] Johns Hopkins University Press,cc1976. axii, 279 p. ;c23 cm.1 aA World Bank research publication aIncludes index. a0b0c0d333_910091724000000_SAU 0aWater resources developmentzDeveloping countries. 0aWater-supplyzDeveloping countries.1 aWarford, Jeremy J.,2 aWorld Bank.